| 000 | 00765nam a2200217Ia 4500 | ||
|---|---|---|---|
| 001 | 17782 | ||
| 003 | GE_BSU | ||
| 008 | 181216s||||||||xx |||||||||||||| ||und|| | ||
| 040 | _cGE_BSU | ||
| 080 | _a624.0+658.5(075.8) | ||
| 100 | _aЛитвинов,О.О. Беляков,Ю.И. Батура,Г.М. | ||
| 245 | _aТехнология строительного производства. | ||
| 245 | _bУчебник. | ||
| 245 | _cПод ред. О.О.Литвинова и Ю.И.Белякова. | ||
| 260 | _aКиев. | ||
| 260 | _bВыща школа. | ||
| 260 | _c1985. | ||
| 300 | _a479 стр. с илл. 25 см. Библиогр.: стр.475. | ||
| 653 | _aТехнология строительного производства. | ||
| 942 | _cBK | ||
| 999 |
_c50828 _d50828 |
||